Report of The Select Committee on Roads and Transport On the Memorandum of Understanding on Port State Control for West and Central Africa-Abuja Mou (Record no. 1731)

MARC details
000 -LEADER
fixed length control field 00719nam a2200181Ia 4500
003 - CONTROL NUMBER IDENTIFIER
control field OSt
005 - DATE AND TIME OF LATEST TRANSACTION
control field 20251010151105.0
008 - FIXED-LENGTH DATA ELEMENTS--GENERAL INFORMATION
fixed length control field 240429s9999||||xx |||||||||||||| ||und||
041 ## - LANGUAGE CODE
Language code of text/sound track or separate title eng
082 ## - DEWEY DECIMAL CLASSIFICATION NUMBER
Classification number CR/MSCA/02
100 ## - MAIN ENTRY--PERSONAL NAME
Personal name Select Committee on Roads and Transport
245 #0 - TITLE STATEMENT
Title Report of The Select Committee on Roads and Transport On the Memorandum of Understanding on Port State Control for West and Central Africa-Abuja Mou
260 ## - PUBLICATION, DISTRIBUTION, ETC.
Name of publisher, distributor, etc. Select Committee on Roads and Transport
Place of publication, distribution, etc. Accra
Date of publication, distribution, etc. 2002
300 ## - PHYSICAL DESCRIPTION
Extent 6p
650 ## - SUBJECT ADDED ENTRY--TOPICAL TERM
Topical term or geographic name entry element Report of The Select Committee on Roads and Transport On the Memorandum of Understanding - Port State Control for West and Central Africa-Abuja Mou
942 ## - ADDED ENTRY ELEMENTS (KOHA)
Koha item type Committee Reports
Source of classification or shelving scheme Dewey Decimal Classification
Suppress in OPAC No
Holdings
Withdrawn status Lost status Source of classification or shelving scheme Damaged status Not for loan Home library Current library Shelving location Date acquired Total checkouts Full call number Date last seen Copy number Price effective from Koha item type
    Dewey Decimal Classification     Main Library Main Library Open Shelves 10/10/2025   CR/MSCA/02 3057 C1 10/10/2025 1 10/10/2025 Committee Reports
    Dewey Decimal Classification     Main Library Main Library Open Shelves 10/10/2025   CR/MSCA/02 3058 C2 10/10/2025 2 10/10/2025 Committee Reports
    Dewey Decimal Classification     Main Library Main Library Open Shelves 10/10/2025   CR/MSCA/02 3059 C3 10/10/2025 3 10/10/2025 Committee Reports
©2026  Parliament of Ghana Library - All rights reserved